000 00235nam a2200109Ia 4500
005 20251222143128.0
008 251222s9999||||xx |||||||||||||| ||spa||
082 _a320.84/E56/1986
245 0 _aENDA'86
264 _bCEDEP
942 _cLIB
999 _c11804
_d11804